000
00262nam a22001217a 4500
008
211029b ||||| |||| 00| 0 eng d
020
_a
9780141326221
050
_a
823
_b
1
245
_a
Roald Dahl
260
_a
U.K
_b
Dahl Roald
300
_a
1
942
_2
ddc
_c
BK
999
_c
11865
_d
11865